Nomina Patrum, Et Fratrum Provinciae S. Mariae in Hungaria Ordinis Minorum S. Patris Nostri Francisci

Menoslov kňazov a bratov Mariánskej františkánskej provincie uhorskej zostavený v trnavskom konvente

Bibliographic Details
Main Author: Paloš, Ján (Author)
Other Authors: Hermán, Jozef Jeremiáš, 1815-1899 (Commentator for written text)
Format: Manuscript Book
Language:Latin
PhysicalDescription:93 strán, 12 nečíslovaných strán rukopis, viazaný 26 cm
Published: [Trnava] 1810-1833
Subjects:

MARC

LEADER 00000ctmaa2200000 a 4500
001 vtls011708257
003 SK-MaSNL
005 20260302090223.0
008 230802i1810 xo || 000 0dlat
035 |a urn:nbn:sk:snk-tm00chud 
035 |a urn:nbn:sk:snk-tm3n2u8 
035 |a 3EE27C28-A7DD-43E7-B74C-33ED26E587E2 
040 |a SNKLA  |b slo  |c SNKLA  |e AACR2 
041 0 |a lat 
044 |a xo  |c SK 
072 7 |a 27-78  |x Kresťanské združenia, spolky a organizácie. Rehoľné rády  |2 konspekt 
080 |a 27-789.32  |2 2011 
080 |a (062.21)  |2 2011 
080 |a 025.171  |2 2011 
080 |a 2-722.5  |2 2011 
080 |a 27-788-055.1  |2 2011 
100 1 |a Paloš, Ján  |4 aut  |9 757335 
245 1 0 |a Nomina Patrum, Et Fratrum Provinciae S. Mariae in Hungaria Ordinis Minorum S. Patris Nostri Francisci  |c I. Pallos 
246 2 3 |a Nomina Patrum, Et Fratrum Provinciae Sanctae Mariae in Hungaria Ordinis Minorum Sancti Patris Nostri Francisci 
260 |a [Trnava]  |c 1810-1833 
300 |a 93 strán, 12 nečíslovaných strán  |b rukopis, viazaný  |c 26 cm 
500 |a Rukopis obsahuje rubriky: meno, dátum a miesto narodenia, obliečky a profesie, jazykové znalosti a funkcia v reholi, dátum a miesto úmrtia. Mená sú zoradené abecedne podľa rádových mien 
500 |a Na nasledujúcom liste po titulnej strane zápis gvardiána kláštora vo Svätom Antone Jeremiáša Hermána (H. J.) s informáciami a autorovi 
520 2 |a Menoslov kňazov a bratov Mariánskej františkánskej provincie uhorskej zostavený v trnavskom konvente 
555 0 |a Inventár rukopisov Archívu literatúry a umenia Matice slovenskej. Rukopisy historických knižníc na Slovensku I. Martin: Matica slovenská 1992 
561 |a Na nasledujúcom liste po titulnej strane zápis gvardiána kláštora vo Svätom Antone Jeremiáša Hermána (H. J.): Bibliothecae Ctus S. Antoniensis. Ab Anno 1863 1o Januarii 
610 2 7 |a Františkáni (Báč-Svätý Anton, Slovensko)  |b Mariánska provincia  |2 SNKLA  |9 348795 
610 2 7 |a Františkáni  |2 SNKKA  |9 174796 
650 0 7 |a kňazi  |2 SNKPH  |9 28986 
650 0 7 |a rehoľníci  |2 SNKPH  |9 59447 
655 7 |a rukopisy  |2 SNKPH  |9 70548 
655 7 |a zoznamy  |2 SNKPH  |9 29645 
700 1 |a Hermán, Jozef Jeremiáš,  |d 1815-1899  |4 cwt  |9 348866 
852 |a Slovenská národná knižnica  |b Literárny archív 
958 |a ZH 
958 |a LAVD 
999 |c 1195721  |d 1197651 
952 |a SNKLA  |b SNKLA  |c SNKLA_DEP  |y NEVYP  |7 0  |p 17A1226221  |o snkRHKS 839  |0 0  |1 0  |4 0  |d 2017-08-23  |f 1  |l 0  |r 2026-02-24 22:25:34  |w 2026-02-24